Statistics for Avengers: Endgame- Final Battle Quiz

Click here to take the quiz!

General Stats

  • This quiz has been taken 3,395 times
    (3,311 since last reset)
  • The average score is 25 of 38

Answer Stats

Answer% Correct
Iron Man
99%
Captain America
97%
Hulk
96%
Thor
96%
Spider-Man
93%
Black Panther
91%
Hawkeye
90%
Ant-Man
88%
Doctor Strange
88%
Rocket Raccoon
88%
Star-Lord
88%
Groot
87%
Captain Marvel
86%
Gamora
86%
Thanos
84%
Nebula
82%
Drax
81%
Scarlet Witch
80%
Wasp
80%
Falcon
73%
War Machine
73%
Winter Soldier
71%
Mantis
69%
Rescue
69%
Wong
64%
Shuri
63%
Valkyrie
61%
Okoye
58%
Ebony Maw
40%
M'Baku
36%
Proxima Midnight
36%
Cull Obsidian
30%
Corvus Glaive
28%
Korg
27%
Howard the Duck
22%
Miek
16%
Kraglin
14%
Ayo
8%

Score Distribution

Percentile by Number Answered

Percent of People with Each Score

Your Score History

You have not taken this quiz since the last reset